Les causes de décès les plus courantes dans le monde - Statistiques

Statistiques générales
  • Ce quiz a été pris 83 fois
  • Le résultat moyen est 2 sur 10
Statistiques - réponses
TOP Nombre de décès moyen par an Causes % Correct
1 ≈ 8 139 000 Maladies Cardiaques
57%
2 ≈ 6 446 900 Accidents Vasculaires Cérébraux
44%
7 ≈ 1 395 800 Accident de la route
37%
8 ≈ 1 341 000 Sida
37%
6 ≈ 1 639 600 Cancer du poumon
30%
9 ≈ 1 299 400 Diabète
21%
10 ≈ 1 290 300 Tuberculose
13%
5 ≈ 1 655 100 Alzheimer
4%
3 ≈ 2 931 000 Maladies pulmonaires
3%
4 ≈ 2 652 600 Pneumonies
1%
Aucun quiz correspondant
Distribution des résultats
% des personnes avec chaque résultat
Percentile par nombre de réponses
Votre historique - résultats
Vous n’avez pas pris ce quiz